| 000 | 01178cam a22002771 4500 | ||
|---|---|---|---|
| 001 | 2637097 | ||
| 005 | 20060724142137.0 | ||
| 008 | 730515s1950 nyu | b 00| 0 eng | ||
| 010 | _a 50009967 | ||
| 040 |
_aDLC _cDLC _dDLC |
||
| 043 | _an-us--- | ||
| 050 | 1 | 0 |
_aBF755.A5 _bR5 |
| 082 | 0 | 0 |
_a155.820973 _bRIE _222 |
| 100 | 1 |
_aRiesman, David, _d1909-2002. _99564 |
|
| 245 | 1 | 4 |
_aThe Lonely Crowd: _bA Study of the Changing American character/ _cby David Riesman in collaboration with Reuel Denney |
| 260 |
_aNew York: _bDoubleday Anchor Book, _c1953 |
||
| 300 |
_axvii, 359 p.; _c24 cm. |
||
| 500 | _aDonated by: Alaa Abdel Ghany | ||
| 500 | _aThis book was originally publshed by: Yale University Press, 1950 | ||
| 650 | 0 |
_aNational characteristics, American. _99565 |
|
| 650 | 0 |
_aEthnopsychology _zUnited States. _99566 |
|
| 810 | 2 |
_aYale University. _tStudies in national policy, _v3. _99567 |
|
| 942 |
_2ddc _cBB |
||
| 999 |
_c12963 _d12963 |
||